Update on PFI debt refinancing and the PFI equity market (Record no. 105364)

MARC details
000 -LEADER
fixed length control field 01029cam a2200217 4500
001 - CONTROL NUMBER
control field ##L133240
008 - FIXED-LENGTH DATA ELEMENTS--GENERAL INFORMATION
fixed length control field 060424n2006 000 0 eng u
020 ## - INTERNATIONAL STANDARD BOOK NUMBER
International Standard Book Number 0102937575
035 ## - SYSTEM CONTROL NUMBER
System control number (Sirsi) u133240
041 0# - LANGUAGE CODE
Language code of text/sound track or separate title eng
050 04 - LIBRARY OF CONGRESS CALL NUMBER
Classification number 336.24 $2 18
110 2# - MAIN ENTRY--CORPORATE NAME
Corporate name or jurisdiction name as entry element National Audit Office
9 (RLIN) 4918
245 00 - TITLE STATEMENT
Title Update on PFI debt refinancing and the PFI equity market
260 ## - PUBLICATION, DISTRIBUTION, ETC.
Place of publication, distribution, etc. London
Name of publisher, distributor, etc. TSO
Date of publication, distribution, etc. 2006
350 ## - PRICE (NR) (BK AM CF MU VM SE) [OBSOLETE]
Price 12.25
520 ## - SUMMARY, ETC.
Summary, etc. Demonstrates how the government has secured 137 million from PFI debt refinancing, but how also the has been little recent activity. It also assesses the risks and benefits of debt refinancing; and examines the developments in the PFI equity market in light of how it has matured and how financial markets are now more liquid.
590 ## - LOCAL NOTE (RLIN)
Local note IKA250406
690 ## - LOCAL SUBJECT ADDED ENTRY--TOPICAL TERM (OCLC, RLIN)
Topical term or geographic name as entry element PROPERTY-COMMERCIAL PROPERTY-COMMERCIAL PROPERTY FINANCE AND INVESTMENT
856 40 - ELECTRONIC LOCATION AND ACCESS
Uniform Resource Identifier <a href="https://www.nao.org.uk/publications/nao_reports/chronindex.asp?type=vfm">https://www.nao.org.uk/publications/nao_reports/chronindex.asp?type=vfm</a>
Public note View the report free of charge at www.nao.org.uk...
942 ## - ADDED ENTRY ELEMENTS (KOHA)
Suppress in OPAC 0
Holdings
Withdrawn status Lost status Source of classification or shelving scheme Damaged status Not for loan Home library Current library Shelving location Date acquired Total Checkouts Full call number Barcode Date last seen Copy number Price effective from Koha item type
    Dewey Decimal Classification     Virtual Virtual Online 24/04/2006   ONLINE PUBLICATION 133240-1001 06/08/2019 1 06/08/2019 Book